| 000 | 00739cab a2200253 4500 | ||
|---|---|---|---|
| 001 | WB3426-59 | ||
| 008 | 090401t1998 xxu||||| |||| 00| 0 eng d | ||
| 035 | _a(Sirsi) u87326 | ||
| 041 | _aeng | ||
| 245 | _aRebuilding Manchester | ||
| 260 | _c1998 | ||
| 350 | _a0 | ||
| 490 |
_aTimes _v10 July 1998, 12(1) |
||
| 520 | _aA £20m lottery grant will be used to build a Millennium Quarter in Manchester. The scheme will complete the regeneration of the city after the IRA bomb in June 1996. | ||
| 650 | _aBOMB DAMAGE | ||
| 650 | _aIRA BOMB | ||
| 650 | _aLOTTERY FUNDS | ||
| 650 | _aMANCHESTER | ||
| 650 | _aMILLENNIUM QUARTER | ||
| 650 | _aURBAN REGENERATION | ||
| 690 | _aURBAN RENEWAL | ||
| 942 | _n0 | ||
| 948 | _c10/07/1998 | ||
| 999 |
_c55081 _d55081 |
||